000
00229nam a2200085Ia 4500
008
170620s9999 xx 000 0 und d
100
_a
Ediger- Marlow
245
0
_a
Successful School Education
260
_b
New Delhi- Discovery Publishing House
260
_c
2006
999
_c
24542
_d
24542